000 00547nam a2200229Ia 4500
003 OSt
005 20220918191432.0
006 a|||||r|||| 00| 0
007 ta
008 220917b |||||||| |||| 00| 0 eng d
024 _a63,368
037 _cTextual
040 _aARTS
_cARTS
_beng
041 _2eng
_aeng
082 _aRwM96, G9
100 _aEdman Irvine
_976175
245 0 _aPhilosopher's holiday
260 _c1939
650 _aPHILOSOPHY
942 _hRwM96, G9
_cTEXL
_2CC
999 _c189884
_d189884